000 00308nam a2200121Ia 4500
008 220120s9999||||xx |||||||||||||| ||und||
082 _a511.6 CHA
100 _aD.S.C
245 0 _aDiscrete mathematical sructures
260 _bNew Delhi
_c2001
300 _a456p.
_b195
650 _aDATA FILES & DATABASE
_9695
999 _c136163
_d136163